Catálogo - Centro de Recursos para el Aprendizaje y la Investigación
Volver al Sitio - CRAI Biblioteca| 000 -CABECERA | |
|---|---|
| campo de control de longitud fija | 01746nam a2200289 4500 |
| 001 - NÚMERO DE CONTROL | |
| campo de control | 111293 |
| 003 - IDENTIFICADOR DEL NÚMERO DE CONTROL | |
| campo de control | DR-UNIBE |
| 005 - FECHA Y HORA DE LA ÚLTIMA TRANSACCIÓN | |
| campo de control | 20251113153811.0 |
| 008 - DATOS DE LONGITUD FIJA--INFORMACIÓN GENERAL | |
| campo de control de longitud fija | 230718b2015 dr ||||| |||| 00| 0 spa d |
| 020 ## - NÚMERO INTERNACIONAL ESTÁNDAR DEL LIBRO | |
| Número Internacional Estándar del Libro | 9789945084443 |
| 040 ## - FUENTE DE LA CATALOGACIÓN | |
| Centro catalogador/agencia de origen | BIBLIOTECA UNIBE |
| Centro/agencia transcriptor | BIBLIOTECA UNIBE |
| 041 ## - CÓDIGO DE LENGUA | |
| Código de lengua del texto/banda sonora o título independiente | spa |
| 082 ## - NÚMERO DE LA CLASIFICACIÓN DECIMAL DEWEY | |
| Número de edición | 22 |
| Número de clasificación | RD 342.7293 P433j |
| 100 10 - ENTRADA PRINCIPAL--NOMBRE DE PERSONA | |
| Nombre de persona | Perdomo Cordero, Nassef |
| Término indicativo de función/relación | autor |
| 9 (RLIN) | 24314 |
| 245 10 - MENCIÓN DE TÍTULO | |
| Título | Jurisprudencia del Tribunal Constitucional Dominicano 2012-2014 : |
| Resto del título | seleccionada y concordada con la Constitución de la República Dominicana y la LOTCPC ; índice temático de las decisiones TC/12 hasta la TC/0008/15 / |
| Mención de responsabilidad, etc. | Nassef Perdomo Cordero |
| 260 ## - PUBLICACIÓN, DISTRIBUCIÓN, ETC. | |
| Lugar de publicación, distribución, etc. | Santo Domingo : |
| Nombre del editor, distribuidor, etc. | Librería Jurídica Internacional : |
| -- | Acosta Perdomo Abogados & Consultores : |
| -- | Fundación Institucionalidad y Justicia (FINJUS), |
| Fecha de publicación, distribución, etc. | 2015 |
| 300 ## - DESCRIPCIÓN FÍSICA | |
| Extensión | 840 páginas ; |
| Dimensiones | 23 x 15 cm |
| 505 ## - NOTA DE CONTENIDO CON FORMATO | |
| Nota de contenido con formato | Presentación |<br/>Prefacio |<br/>Notas para el uso del compendio |<br/>Prólogo |<br/>Contenido índices CRD y LOTCPC |<br/>Índice CRD |<br/>Índice LOTCPC |<br/>Índice CRD por artículo |<br/>Índice LOTCPC por artículo |<br/>Constitución de la República Dominicana |<br/>Ley orgánica del Tribunal Constitucional y de los procedimientos constitucionales |<br/>Fe de errata<br/> |
| 650 #7 - PUNTO DE ACCESO ADICIONAL DE MATERIA--TÉRMINO DE MATERIA | |
| Fuente del encabezamiento o término | lemb |
| Término de materia o nombre geográfico como elemento de entrada | Tribunales constitucionales |
| Subdivisión geográfica | República Dominicana |
| 9 (RLIN) | 200795 |
| 650 #7 - PUNTO DE ACCESO ADICIONAL DE MATERIA--TÉRMINO DE MATERIA | |
| Fuente del encabezamiento o término | lemb |
| Término de materia o nombre geográfico como elemento de entrada | Jurisprudencia |
| Subdivisión general | Recopilaciones, repertorios, etc. |
| Subdivisión geográfica | República Dominicana |
| Subdivisión cronológica | 2012-2014 |
| 9 (RLIN) | 200796 |
| 651 #7 - PUNTO DE ACCESO ADICIONAL DE MATERIA--NOMBRE GEOGRÁFICO | |
| Fuente del encabezamiento o término | lemb |
| Nombre geográfico | República Dominicana |
| Subdivisión general | Derecho constitucional |
| 9 (RLIN) | 5535 |
| 700 10 - PUNTO DE ACCESO ADICIONAL--NOMBRE DE PERSONA | |
| Nombre de persona | Potentini, Ángel |
| Término indicativo de función/relación | editor |
| 9 (RLIN) | 29379 |
| 700 10 - PUNTO DE ACCESO ADICIONAL--NOMBRE DE PERSONA | |
| Nombre de persona | Castaños Guzmán, Servio Tulio |
| Término indicativo de función/relación | presentación |
| 9 (RLIN) | 27396 |
| 700 10 - PUNTO DE ACCESO ADICIONAL--NOMBRE DE PERSONA | |
| Nombre de persona | Jorge Prats, Eduardo, |
| Fechas asociadas al nombre | 1964- |
| Término indicativo de función/relación | prologuista |
| 9 (RLIN) | 8540 |
| 700 10 - PUNTO DE ACCESO ADICIONAL--NOMBRE DE PERSONA | |
| Nombre de persona | Pérez N., José Miguel |
| Término indicativo de función/relación | diagramador |
| 9 (RLIN) | 148122 |
| 942 ## - ELEMENTOS DE PUNTO DE ACCESO ADICIONAL (KOHA) | |
| Fuente del sistema de clasificación o colocación | Sistema de Clasificación Decimal Dewey |
| Tipo de ítem Koha | Libro (general) |
| Estado de retiro | Estado de pérdida | Fuente del sistema de clasificación o colocación | No para préstamo | Código de colección | Localización permanente | Fecha de adquisición | Total de préstamos | Signatura topográfica completa | Código de barras | Fecha visto por última vez | Número de copia | Precio válido a partir de | Tipo de ítem Koha |
|---|---|---|---|---|---|---|---|---|---|---|---|---|---|
| Disponible | Sistema de Clasificación Decimal Dewey | General - Libros dominicanos | Biblioteca Central UNIBE | 18/07/2023 | RD 342.7293 P433j | 230986 | 18/07/2023 | Ej. 1 | 18/07/2023 | Libro (general) | |||
| Disponible | Sistema de Clasificación Decimal Dewey | General - Libros dominicanos | Biblioteca Central UNIBE | 13/11/2025 | RD 342.7293 P433j | 251121 | 13/11/2025 | Ej. 2 | 13/11/2025 | Libro (general) |